000 00739nam a22001817a 4500
999 _c61989
_d61989
003 Ge_BSU
005 20240619164305.0
008 240619s1973 ge ||||| |||| 00| 0 geo d
041 _ageo
080 _a615.835(479.22) ჯ-29
100 _aჯაჭვლიანი, თ.
_922491
245 _aკურორტი შოვი /
_cთ. ჯაჭვლიანი; რედ. ი. ხუნდაძე.
264 _aთბილისი :
_bსაბჭ. საქართველო,
_c1973.
300 _a34 გვ. :
_b 2 ფ. ილ. ;
_c16 სმ.
653 _aსაქართველოს კურორტები
700 _aხუნდაძე, ი.
_eრედაქტორი
_922492
942 _2udc
_cBK